000 00436nam a2200145 4500
001 136721
003 ES-MaACL
005 20230906195218.0
007 t|
008 070214s1911 ag r ||||1| spa d
100 1 _aSagarna, Antonio.
_9101410
245 1 3 _aEl jurado en materia criminal /
_cAntonio Sagarna.
260 _aBuenos Aires :
_b[s.n.],
_c1911 (
_fTall. GrĂ¡f. de la PenitenciarĂ­a Nacional)
852 _aES-MaACL
_jT-1239-F-17
999 _c136721
_d136721